| 000 | 01011nab a2200229 i 4500 | ||
|---|---|---|---|
| 001 | 768714001 | ||
| 003 | CO-MdFUSB | ||
| 005 | 20240802085643.0 | ||
| 008 | 240802t1995 -us||||| |||| 00| 0 eng d | ||
| 040 |
_bspa _cCO-MdFUSB _dCO-MdFUSB |
||
| 041 | _aeng | ||
| 100 |
_aSmalley, William A., _eautor |
||
| 245 |
_aLanguage and culture in the development of Bible society translation theory and practice _c/ William A. Smalley |
||
| 520 | _aLa traducción de la Biblia birmana realizada por Adoniram Judson y publicada finalmente en 1840 fue una de las primeras traducciones a idiomas sin tradiciones cristianas. | ||
| 546 | _aTexto en inglés. | ||
| 650 | 0 |
_aBiblia _916 |
|
| 650 | 7 |
_aHermenéutica _9418 |
|
| 650 | 7 |
_aAntropología cultural y social _96714 |
|
| 773 | 0 |
_049483 _982871 _oR2735 _tInternational Bulletinof Missionary Research _w(CO-MdFUSB)768714001 _x0272-6122 _gVolumen 19, (número 2, 1995), páginas: 61 - 71 _qpágina: 61 |
|
| 942 | _cANA | ||
| 945 | _aCatherine Arias Álvarez - Practicante SENA | ||
| 999 |
_c70719 _d70719 |
||